2000 Biggest US Cities on a Map - Statistics

General Stats
  • This quiz has been taken 1,983 times
  • The average score is 425 of 2000
Answers on the Map
Answers color-coded by a green-red scale on the quiz's map according to % correct below.
 
Answer Stats
State Population City % Correct
NY 8,335,897 New York
91%
IL 2,665,039 Chicago
89%
CA 3,822,238 Los Angeles
89%
TX 1,299,544 Dallas
88%
TX 2,302,878 Houston
88%
FL 449,514 Miami
88%
NV 656,274 Las Vegas
87%
AZ 1,644,409 Phoenix
87%
CA 808,437 San Francisco
87%
TX 974,447 Austin
86%
MN 26,208 Austin
86%
TN 68,380 Jackson
86%
MI 31,031 Jackson
86%
UT 93,022 Sandy
86%
WA 749,256 Seattle
86%
MS 145,995 Jackson
85%
DC 671,803 Washington
85%
UT 32,709 Washington
85%
MA 650,706 Boston
84%
CO 713,252 Denver
84%
HI 343,421 Honolulu
84%
PA 1,567,258 Philadelphia
84%
OR 635,067 Portland
84%
ME 68,424 Portland
84%
TX 20,350 Portland
84%
CA 1,381,162 San Diego
84%
MI 620,376 Detroit
83%
FL 971,319 Jacksonville
83%
NC 70,420 Jacksonville
83%
AR 29,130 Jacksonville
83%
TX 1,472,909 San Antonio
83%
GA 499,127 Atlanta
82%
TN 683,622 Nashville
82%
OK 694,800 Oklahoma City
82%
AK 287,145 Anchorage
81%
NC 897,720 Charlotte
81%
IN 880,621 Indianapolis
81%
MO 509,297 Kansas City
81%
KS 153,345 Kansas City
81%
LA 369,749 New Orleans
81%
CA 77,572 Pittsburg
81%
KS 20,658 Pittsburg
81%
NY 276,486 Buffalo
80%
OH 907,971 Columbus
80%
GA 202,616 Columbus
80%
IN 51,268 Columbus
80%
NE 24,195 Columbus
80%
MS 23,273 Columbus
80%
TX 677,456 El Paso
80%
WI 563,305 Milwaukee
80%
MN 425,096 Minneapolis
80%
FL 316,081 Orlando
80%
CA 528,001 Sacramento
80%
FL 398,173 Tampa
80%
NM 561,008 Albuquerque
79%
TN 621,056 Memphis
79%
UT 204,657 Salt Lake City
79%
CA 971,233 San Jose
79%
MO 286,578 St. Louis
79%
MD 569,931 Baltimore
78%
OH 361,607 Cleveland
78%
TN 48,557 Cleveland
78%
TX 956,709 Fort Worth
78%
NE 292,627 Lincoln
77%
CA 52,534 Lincoln
77%
KY 624,444 Louisville
77%
OR 21,375 Milwaukie
77%
AZ 546,574 Tucson
77%
OH 309,513 Cincinnati
76%
OH 27,269 Green
76%
CO 20,560 Louisville
76%
NC 476,587 Raleigh
76%
VA 229,395 Richmond
76%
CA 114,301 Richmond
76%
KY 36,129 Richmond
76%
IN 35,513 Richmond
76%
TX 23,558 Anna
75%
ID 236,634 Boise
75%
FL 25,597 Key West
75%
MO 170,067 Springfield
75%
MA 154,064 Springfield
75%
IL 113,273 Springfield
75%
OR 61,400 Springfield
75%
OH 58,106 Springfield
75%
TN 19,221 Springfield
75%
NE 485,153 Omaha
74%
NV 273,448 Reno
74%
NC 251,350 Winston-Salem
74%
NY 100,826 Albany
73%
GA 67,192 Albany
73%
OR 56,891 Albany
73%
CA 19,415 Albany
73%
CO 486,248 Colorado Springs
73%
FL 201,731 Tallahassee
73%
VA 455,618 Virginia Beach
73%
LA 221,453 Baton Rouge
72%
SC 153,672 Charleston
72%
WV 47,129 Charleston
72%
CA 545,567 Fresno
72%
OR 177,487 Salem
72%
MA 44,722 Salem
72%
VA 25,523 Salem
72%
MN 303,176 St. Paul
72%
OK 411,867 Tulsa
72%
KS 396,192 Wichita
71%
AL 196,910 Birmingham
70%
MI 21,715 Birmingham
70%
IA 211,034 Des Moines
70%
AR 202,864 Little Rock
70%
WI 272,903 Madison
70%
AL 59,785 Madison
70%
MS 27,775 Madison
70%
CA 430,553 Oakland
70%
TX 394,602 Arlington
69%
WA 21,059 Arlington
69%
WA 32,408 Des Moines
69%
NJ 305,344 Newark
69%
OH 50,763 Newark
69%
CA 47,312 Newark
69%
DE 30,453 Newark
69%
NM 89,008 Santa Fe
68%
SC 139,698 Columbia
67%
MO 128,555 Columbia
67%
TN 45,792 Columbia
67%
AK 31,685 Juneau
67%
KY 320,347 Lexington
66%
SC 24,626 Lexington
66%
NC 19,679 Lexington
66%
AZ 512,498 Mesa
66%
NY 209,352 Rochester
66%
MN 121,878 Rochester
66%
NH 33,169 Rochester
66%
CA 92,388 Carson
65%
WY 64,610 Cheyenne
65%
RI 189,563 Providence
65%
MO 58,523 St. Peters
65%
GA 202,096 Augusta
64%
ME 19,066 Augusta
64%
TX 316,239 Corpus Christi
64%
NJ 286,670 Jersey City
64%
CA 451,307 Long Beach
64%
IL 21,799 Montgomery
64%
PA 302,898 Pittsburgh
64%
SD 202,078 Sioux Falls
64%
WA 230,160 Spokane
64%
OH 266,301 Toledo
64%
CA 410,647 Bakersfield
63%
ND 131,444 Fargo
63%
CT 120,686 Hartford
63%
NY 34,604 Long Beach
63%
AL 183,289 Mobile
63%
AL 196,986 Montgomery
63%
FL 261,256 St. Petersburg
63%
KS 125,449 Topeka
63%
MT 119,960 Billings
62%
MI 196,908 Grand Rapids
62%
GA 148,004 Savannah
62%
TX 201,291 Amarillo
61%
CA 344,461 Anaheim
61%
CO 393,537 Aurora
61%
IL 177,866 Aurora
61%
AK 32,107 Fairbanks
61%
MT 33,885 Helena
61%
AL 21,862 Helena
61%
TN 195,889 Knoxville
61%
NH 115,141 Manchester
61%
ND 74,445 Bismarck
60%
OH 135,944 Dayton
60%
DE 38,594 Dover
60%
NH 33,416 Dover
60%
FL 183,146 Fort Lauderdale
60%
PA 50,183 Harrisburg
60%
NC 19,822 Harrisburg
60%
TX 263,930 Lubbock
60%
NY 144,451 Syracuse
60%
UT 35,561 Syracuse
60%
IN 267,927 Fort Wayne
59%
NC 301,115 Greensboro
59%
NE 25,928 Norfolk
59%
NJ 89,661 Trenton
59%
OH 188,509 Akron
58%
NV 58,130 Carson City
58%
NC 109,896 Concord
58%
NC 291,928 Durham
58%
NV 331,415 Henderson
58%
KY 27,697 Henderson
58%
MI 112,537 Lansing
58%
IL 28,000 Lansing
58%
RI 24,684 Newport
58%
VA 232,995 Norfolk
58%
NV 280,543 North Las Vegas
58%
CA 320,764 Riverside
58%
OH 24,355 Riverside
58%
CA 308,189 Santa Ana
58%
GA 128,561 Athens
57%
AL 28,661 Athens
57%
OH 20,820 Athens
57%
CO 105,485 Boulder
57%
TN 184,086 Chattanooga
57%
CA 122,625 Concord
57%
NH 44,503 Concord
57%
PA 93,511 Erie
57%
CO 33,104 Erie
57%
WI 106,095 Green Bay
57%
WA 55,669 Olympia
57%
WA 221,776 Tacoma
57%
OR 177,923 Eugene
56%
LA 121,389 Lafayette
56%
IN 71,402 Lafayette
56%
CO 30,699 Lafayette
56%
CA 25,044 Lafayette
56%
TX 256,187 Laredo
56%
NC 120,324 Wilmington
56%
DE 71,569 Wilmington
56%
CT 138,915 New Haven
55%
CA 87,533 Santa Barbara
55%
AL 221,933 Huntsville
54%
CA 220,328 San Bernardino
54%
CA 321,819 Stockton
54%
TX 111,551 Allen
53%
NC 208,873 Fayetteville
53%
AR 99,285 Fayetteville
53%
GA 19,687 Fayetteville
53%
TX 47,351 Huntsville
53%
LA 180,153 Shreveport
53%
IA 85,497 Sioux City
53%
WA 194,512 Vancouver
53%
MI 119,875 Ann Arbor
52%
TX 189,382 Brownsville
52%
MN 86,619 Duluth
52%
GA 32,034 Duluth
52%
AZ 252,136 Glendale
52%
CA 189,221 Glendale
52%
FL 152,650 Hollywood
52%
TX 147,662 Pasadena
52%
CA 134,211 Pasadena
52%
TX 143,984 Waco
52%
NC 59,287 Burlington
51%
VT 44,595 Burlington
51%
IA 23,611 Burlington
51%
NC 89,233 Greenville
51%
SC 72,310 Greenville
51%
TX 31,060 Greenville
51%
MS 28,017 Greenville
51%
MO 42,528 Jefferson City
51%
UT 113,523 Provo
51%
AZ 243,050 Scottsdale
51%
UT 102,519 St. George
51%
MA 205,319 Worcester
51%
IN 67,972 Gary
50%
CA 313,685 Irvine
50%
NY 208,121 Yonkers
50%
VA 155,525 Alexandria
49%
LA 44,004 Alexandria
49%
PA 125,094 Allentown
49%
MD 40,648 Annapolis
49%
CA 32,466 Bell
49%
MA 118,488 Cambridge
49%
IA 136,429 Cedar Rapids
49%
FL 77,958 Daytona Beach
49%
TX 53,089 Galveston
49%
CA 136,178 Orange
49%
CA 89,947 Santa Monica
49%
AZ 75,907 Flagstaff
48%
MI 79,854 Flint
48%
TX 19,081 Orange
48%
CA 169,185 Lancaster
47%
PA 57,453 Lancaster
47%
OH 41,174 Lancaster
47%
TX 40,449 Lancaster
47%
TX 144,579 McAllen
47%
PA 75,848 Scranton
47%
PA 44,845 York
47%
NJ 38,561 Atlantic City
46%
CT 148,377 Bridgeport
46%
VA 252,488 Chesapeake
46%
VA 184,306 Newport News
46%
TX 289,547 Plano
46%
CA 221,345 Santa Clarita
46%
NC 93,776 Asheville
45%
CO 22,619 Evans
45%
CO 169,249 Fort Collins
45%
FL 145,214 Gainesville
45%
GA 45,282 Gainesville
45%
WV 45,746 Huntington
45%
CA 218,069 Modesto
45%
AZ 197,866 Peoria
45%
IL 111,021 Peoria
45%
CA 126,930 Santa Clara
45%
OR 103,254 Bend
44%
WY 58,543 Casper
44%
CA 279,170 Chula Vista
44%
KY 28,391 Frankfort
44%
IL 20,677 Frankfort
44%
CA 223,871 Fremont
44%
NE 27,318 Fremont
44%
CA 194,310 Huntington Beach
44%
GA 156,197 Macon
44%
MT 76,955 Missoula
44%
FL 53,876 Pensacola
44%
AZ 185,950 Tempe
44%
CA 118,950 Berkeley
43%
AZ 280,711 Chandler
43%
IA 75,233 Iowa City
43%
TX 254,715 Irving
43%
TX 112,906 Odessa
43%
FL 216,992 Cape Coral
42%
ID 67,723 Idaho Falls
42%
WA 134,392 Kent
42%
OH 27,147 Kent
42%
MI 42,512 Midland
42%
VA 97,029 Portsmouth
42%
NH 22,713 Portsmouth
42%
GA 37,913 Rome
42%
NY 31,735 Rome
42%
IN 103,110 South Bend
42%
AL 110,602 Tuscaloosa
42%
TX 127,385 Abilene
41%
NJ 134,283 Elizabeth
41%
AZ 275,346 Gilbert
41%
TX 134,444 Midland
41%
TX 24,695 Paris
41%
AZ 98,527 Yuma
41%
WA 152,767 Bellevue
40%
IN 79,107 Bloomington
40%
IA 100,486 Davenport
40%
IN 115,749 Evansville
40%
FL 95,949 Fort Myers
40%
FL 220,292 Hialeah
40%
NM 113,888 Las Cruces
40%
NC 36,018 Monroe
40%
UT 86,825 Ogden
40%
MN 78,683 Plymouth
40%
CO 111,456 Pueblo
40%
SD 78,824 Rapid City
40%
PA 94,858 Reading
40%
VA 97,847 Roanoke
40%
IL 146,713 Rockford
40%
CA 61,800 Santa Cruz
40%
WA 84,858 Auburn
39%
AL 80,006 Auburn
39%
NY 26,081 Auburn
39%
ME 24,193 Auburn
39%
NE 63,015 Bellevue
39%
MN 87,797 Bloomington
39%
IL 78,864 Bloomington
39%
LA 46,820 Monroe
39%
MI 20,295 Monroe
39%
WA 19,243 Monroe
39%
NY 47,993 Niagara Falls
39%
OK 129,627 Norman
39%
KS 197,726 Overland Park
39%
MS 26,437 Oxford
39%
AL 22,002 Oxford
39%
OH 19,645 Oxford
39%
CA 200,415 Oxnard
39%
FL 231,790 Port St. Lucie
39%
CA 92,906 Redding
39%
CA 177,181 Santa Rosa
39%
TX 109,286 Tyler
39%
FL 120,932 West Palm Beach
39%
MS 49,118 Biloxi
38%
MT 56,123 Bozeman
38%
TX 124,319 College Station
38%
CA 179,061 Ontario
38%
NY 64,081 Utica
38%
ME 31,588 Bangor
37%
FL 117,027 Clearwater
37%
CA 26,129 Eureka
37%
IL 150,033 Joliet
37%
KS 95,794 Lawrence
37%
MA 87,954 Lawrence
37%
IN 49,276 Lawrence
37%
FL 86,441 Melbourne
37%
CA 78,315 Napa
37%
IL 149,936 Naperville
37%
CA 72,060 Dublin
36%
OH 48,998 Dublin
36%
TX 219,587 Frisco
36%
TX 240,854 Garland
36%
VA 138,037 Hampton
36%
MI 72,873 Kalamazoo
36%
SC 38,417 Myrtle Beach
36%
CA 110,125 Santa Maria
36%
FL 57,376 Sarasota
36%
CT 136,188 Stamford
36%
TX 35,778 Texarkana
36%
AR 29,306 Texarkana
36%
OH 59,144 Youngstown
36%
CT 61,330 Bristol
35%
TN 27,705 Bristol
35%
NJ 70,996 Camden
35%
NC 180,388 Cary
35%
TN 176,974 Clarksville
35%
IN 21,782 Clarksville
35%
TN 86,895 Franklin
35%
WI 36,066 Franklin
35%
MA 33,656 Franklin
35%
IN 25,728 Franklin
35%
CO 68,034 Grand Junction
35%
CA 79,063 Lakewood
35%
FL 80,017 Miami Beach
35%
CA 172,199 Oceanside
35%
CA 45,223 Palm Springs
35%
FL 26,844 Palm Springs
35%
TX 112,089 Beaumont
34%
CA 56,349 Beaumont
34%
CA 103,920 Burbank
34%
IL 28,433 Burbank
34%
MT 35,416 Butte
34%
TX 104,294 Edinburg
34%
AR 89,992 Fort Smith
34%
MD 82,175 Frederick
34%
FL 120,071 Lakeland
34%
CO 156,120 Lakewood
34%
WA 62,572 Lakewood
34%
OH 49,658 Lakewood
34%
MA 113,608 Lowell
34%
KS 53,829 Manhattan
34%
CA 29,571 Monterey
34%
FL 19,618 Naples
34%
FL 34,690 Panama City
34%
GA 92,950 Roswell
34%
NM 47,390 Roswell
34%
KS 46,231 Salina
34%
CA 124,265 Thousand Oaks
34%
TX 102,664 Wichita Falls
34%
WA 93,896 Bellingham
33%
KY 74,926 Bowling Green
33%
OH 29,647 Bowling Green
33%
VA 45,373 Charlottesville
33%
TX 150,353 Denton
33%
ND 58,692 Grand Forks
33%
MT 60,382 Great Falls
33%
MO 121,202 Independence
33%
KY 29,326 Independence
33%
NY 32,870 Ithaca
33%
WI 98,484 Kenosha
33%
ID 110,951 Nampa
33%
NJ 156,661 Paterson
33%
CA 23,833 Patterson
33%
MA 101,727 Quincy
33%
IL 38,942 Quincy
33%
MI 87,201 Troy
33%
NY 50,895 Troy
33%
OH 26,679 Troy
33%
MI 137,107 Warren
33%
OH 38,906 Warren
33%
WA 97,012 Yakima
33%
WI 74,511 Appleton
32%
OK 117,911 Broken Arrow
32%
CA 114,160 Carlsbad
32%
NM 31,612 Carlsbad
32%
IL 89,241 Champaign
32%
PA 33,449 Chester
32%
MI 107,710 Dearborn
32%
WA 111,337 Everett
32%
MA 49,350 Everett
32%
TX 86,507 Georgetown
32%
KY 38,780 Georgetown
32%
WY 32,035 Laramie
32%
ID 26,249 Moscow
32%
TN 162,398 Murfreesboro
32%
NH 91,161 Nashua
32%
TX 35,782 San Juan
32%
TX 65,372 Victoria
32%
FL 99,009 Boca Raton
31%
IN 101,964 Carmel
31%
CA 101,299 Chico
31%
CA 91,988 Compton
31%
CA 67,048 Davis
31%
WI 69,737 Eau Claire
31%
UT 25,660 Farmington
31%
MN 23,566 Farmington
31%
MS 72,236 Gulfport
31%
NY 29,369 Harrison
31%
NJ 19,801 Harrison
31%
TX 159,172 Killeen
31%
FL 80,003 Kissimmee
31%
SD 28,210 Aberdeen
30%
IA 66,950 Ames
30%
OH 69,671 Canton
30%
GA 35,809 Canton
30%
ID 56,733 Coeur d'Alene
30%
IL 75,544 Evanston
30%
NM 46,127 Farmington
30%
AL 41,690 Florence
30%
SC 40,072 Florence
30%
KY 32,618 Florence
30%
AZ 24,795 Florence
30%
ME 38,493 Lewiston
30%
ID 34,896 Lewiston
30%
TX 207,507 McKinney
30%
ID 129,736 Meridian
30%
MS 33,816 Meridian
30%
TX 147,899 Mesquite
30%
NV 21,992 Mesquite
30%
WV 30,277 Morgantown
30%
WI 65,948 Oshkosh
30%
CA 66,010 Palo Alto
30%
AZ 35,770 San Luis
30%
WA 107,325 Spokane Valley
30%
VA 98,537 Suffolk
30%
AZ 154,198 Surprise
30%
CA 177,558 Elk Grove
29%
OH 62,937 Hamilton
29%
TN 72,514 Johnson City
29%
ID 57,730 Pocatello
29%
CA 161,020 Salinas
29%
MN 69,568 St. Cloud
29%
FL 64,489 St. Cloud
29%
TX 109,414 Sugar Land
29%
CA 212,475 Fontana
28%
NY 28,243 Jamestown
28%
AR 79,876 Jonesboro
28%
NY 23,916 Kingston
28%
LA 79,113 Lake Charles
28%
CA 211,924 Moreno Valley
28%
SC 94,545 Mount Pleasant
28%
WI 27,597 Mount Pleasant
28%
MI 21,094 Mount Pleasant
28%
KS 145,616 Olathe
28%
CA 163,463 Palmdale
28%
CO 61,222 Parker
28%
MS 27,682 Pearl
28%
TX 126,697 Round Rock
28%
NV 109,226 Sparks
28%
MO 70,656 St. Joseph
28%
ID 54,300 Twin Falls
28%
WA 33,492 Walla Walla
28%
IL 37,936 Wheeling
28%
WV 26,391 Wheeling
28%
AR 36,593 Benton
27%
VA 45,610 Blacksburg
27%
NC 62,098 Chapel Hill
27%
MS 26,996 Clinton
27%
IA 24,391 Clinton
27%
UT 23,538 Clinton
27%
CA 159,567 Corona
27%
CA 100,007 Daly City
27%
CA 119,338 Fairfield
27%
OH 44,456 Fairfield
27%
TX 201,843 Grand Prairie
27%
CA 103,621 Inglewood
27%
MA 100,891 Lynn
27%
PA 21,532 New Castle
27%
MA 87,381 Newton
27%
SC 118,608 North Charleston
27%
CA 98,537 Norwalk
27%
CT 91,401 Norwalk
27%
CA 146,017 Pomona
27%
NY 32,010 Poughkeepsie
27%
CA 176,336 Rancho Cucamonga
27%
CA 154,817 Roseville
27%
MI 46,812 Roseville
27%
MN 35,627 Roseville
27%
PA 40,745 State College
27%
UT 116,664 West Jordan
27%
UT 136,650 West Valley City
27%
OR 97,053 Beaverton
26%
PA 77,617 Bethlehem
26%
NY 47,115 Binghamton
26%
IL 69,097 Decatur
26%
AL 57,922 Decatur
26%
GA 24,338 Decatur
26%
IA 58,873 Dubuque
26%
CA 140,541 Fullerton
26%
OR 107,299 Hillsboro
26%
MO 52,518 Joplin
26%
UT 54,680 Logan
26%
VA 79,287 Lynchburg
26%
OR 85,556 Medford
26%
MA 65,399 Medford
26%
OH 51,229 Middletown
26%
CT 48,729 Middletown
26%
UT 95,910 Orem
26%
WI 76,462 Racine
26%
NM 108,082 Rio Rancho
26%
TX 25,319 Saginaw
26%
CA 29,903 Saratoga
26%
CA 109,527 Ventura
26%
CO 114,533 Westminster
26%
CA 89,397 Westminster
26%
MD 20,393 Westminster
26%
VA 27,936 Winchester
26%
KY 19,142 Winchester
26%
PA 43,071 Altoona
25%
IA 21,503 Altoona
25%
IN 55,099 Anderson
25%
SC 29,771 Anderson
25%
IL 113,177 Elgin
25%
NV 20,756 Elko
25%
CA 150,270 Escondido
25%
CA 156,754 Hayward
25%
NJ 57,703 Hoboken
25%
AL 92,435 Hoover
25%
NY 30,207 Middletown
25%
DE 24,698 Middletown
25%
ND 47,759 Minot
25%
NY 71,714 Mount Vernon
25%
WA 35,527 Mount Vernon
25%
NY 82,288 New Rochelle
25%
MI 43,477 Saginaw
25%
CA 48,341 San Luis Obispo
25%
CA 100,984 San Mateo
25%
CA 141,126 Torrance
25%
CA 67,039 Union City
25%
NJ 65,366 Union City
25%
GA 27,895 Union City
25%
CA 137,221 Victorville
25%
CA 143,966 Visalia
25%
CT 115,016 Waterbury
25%
MA 35,022 Watertown
25%
NY 24,451 Watertown
25%
SD 23,019 Watertown
25%
WI 22,784 Watertown
25%
MA 42,235 Beverly
24%
TX 133,820 Carrollton
24%
GA 27,262 Carrollton
24%
CA 124,556 Clovis
24%
NM 37,902 Clovis
24%
KS 27,422 Dodge City
24%
AZ 105,406 Goodyear
24%
CO 109,209 Greeley
24%
AZ 58,926 Lake Havasu City
24%
TX 82,531 Longview
24%
WA 37,782 Longview
24%
CA 91,563 Merced
24%
FL 110,497 Miami Gardens
24%
MA 100,682 New Bedford
24%
FL 65,478 Ocala
24%
FL 169,876 Pembroke Pines
24%
AZ 47,603 Prescott
24%
NJ 30,377 Princeton
24%
TX 22,900 Princeton
24%
MI 132,567 Sterling Heights
24%
CA 153,091 Sunnyvale
24%
CA 123,564 Vallejo
24%
CO 121,581 Arvada
23%
FL 133,369 Coral Springs
23%
CT 86,967 Danbury
23%
MA 93,682 Fall River
23%
WA 97,863 Federal Way
23%
NC 115,067 High Point
23%
FL 137,228 Miramar
23%
TX 86,635 Mission
23%
CT 27,980 New London
23%
KY 60,037 Owensboro
23%
FL 129,234 Palm Bay
23%
TX 126,949 Pearland
23%
WA 104,047 Renton
23%
TX 99,112 San Angelo
23%
NY 68,809 Schenectady
23%
MA 79,762 Somerville
23%
AR 87,672 Springdale
23%
MO 71,184 St. Charles
23%
IL 32,750 St. Charles
23%
MI 62,258 Taylor
23%
TX 55,667 Texas City
23%
IL 38,468 Urbana
23%
RI 83,016 Warwick
23%
IA 66,562 Waterloo
23%
NY 59,316 White Plains
23%
CA 115,264 Antioch
22%
TX 48,724 Bedford
22%
AR 57,868 Bentonville
22%
CA 38,249 Calexico
22%
CA 93,140 Chino
22%
AR 67,617 Conway
22%
SC 27,346 Conway
22%
OK 96,286 Edmond
22%
VA 24,835 Fairfax
22%
VA 28,757 Fredericksburg
22%
CA 169,254 Garden Grove
22%
WY 33,264 Gillette
22%
CA 91,980 Indio
22%
OK 91,542 Lawton
22%
MI 20,786 Marquette
22%
CT 40,009 Norwich
22%
RI 75,066 Pawtucket
22%
TX 118,802 Richardson
22%
WA 62,821 Richland
22%
NC 35,808 Salisbury
22%
MD 33,209 Salisbury
22%
CA 94,854 San Marcos
22%
TX 70,301 San Marcos
22%
SC 38,584 Spartanburg
22%
CO 143,282 Thornton
22%
FL 27,272 Venice
22%
PA 44,261 Wilkes-Barre
22%
OH 25,375 Avon
21%
IN 23,611 Avon
21%
MA 104,826 Brockton
21%
OR 60,956 Corvallis
21%
MA 29,836 Gloucester
21%
NE 52,513 Grand Island
21%
OR 111,621 Gresham
21%
FL 61,126 Jupiter
21%
TX 131,215 Lewisville
21%
GA 62,602 Marietta
21%
OK 63,223 Moore
21%
MA 29,327 Northampton
21%
FL 112,302 Pompano Beach
21%
CA 124,398 Simi Valley
21%
OK 49,160 Stillwater
21%
MN 19,276 Stillwater
21%
IN 22,847 St. John
21%
CA 111,752 Temecula
21%
TX 89,458 Temple
21%
IN 58,335 Terre Haute
21%
FL 67,677 Weston
21%
CA 76,040 Alameda
20%
MI 32,268 Bay City
20%
CO 41,881 Brighton
20%
AZ 105,567 Buckeye
20%
CO 105,865 Centennial
20%
FL 106,513 Davie
20%
FL 97,267 Deltona
20%
AL 71,235 Dothan
20%
CA 109,934 Downey
20%
ID 32,399 Eagle
20%
LA 21,588 Hammond
20%
MS 48,455 Hattiesburg
20%
CA 56,705 Highland
20%
IN 23,622 Highland
20%
UT 19,902 Highland
20%
SC 38,069 Hilton Head Island
20%
AR 38,109 Hot Springs
20%
WA 84,750 Kennewick
20%
WI 51,380 La Crosse
20%
MO 103,465 Lee's Summit
20%
UT 84,373 Lehi
20%
TX 76,724 Mansfield
20%
OH 47,865 Mansfield
20%
WA 72,275 Marysville
20%
OH 27,157 Marysville
20%
CA 91,776 Mission Viejo
20%
IN 65,076 Muncie
20%
CA 113,783 Murrieta
20%
CA 83,993 Newport Beach
20%
MD 66,924 Rockville
20%
MS 20,391 Vicksburg
20%
NC 47,606 Wilson
20%
TX 20,305 Alamo
19%
CA 75,867 Apple Valley
19%
FL 49,193 Coral Gables
19%
IA 62,405 Council Bluffs
19%
KY 40,956 Covington
19%
WA 21,374 Covington
19%
RI 82,421 Cranston
19%
CA 42,732 Danville
19%
VA 42,229 Danville
19%
IL 28,472 Danville
19%
MI 47,340 East Lansing
19%
IN 101,966 Fishers
19%
IN 76,575 Hammond
19%
TN 44,166 Lebanon
19%
PA 26,473 Lebanon
19%
OH 21,483 Lebanon
19%
OR 19,415 Lebanon
19%
VA 48,974 Leesburg
19%
FL 29,178 Leesburg
19%
CO 77,884 Loveland
19%
TX 76,500 Missouri City
19%
CA 81,059 Mountain View
19%
TX 104,707 New Braunfels
19%
OH 79,358 Parma
19%
WA 76,732 Redmond
19%
OR 36,409 Redmond
19%
GA 107,763 Sandy Springs
19%
FL 96,306 Sunrise
19%
MS 37,748 Tupelo
19%
CA 101,918 Vacaville
19%
IL 87,976 Waukegan
19%
WI 70,454 Waukesha
19%
CA 61,462 Woodland
19%
MI 76,726 Wyoming
19%
CA 69,014 Yuba City
19%
GA 67,267 Alpharetta
18%
MN 55,416 Apple Valley
18%
KY 21,342 Ashland
18%
OR 21,285 Ashland
18%
OH 19,015 Ashland
18%
AZ 91,617 Avondale
18%
CA 31,326 Beverly Hills
18%
OH 35,196 Brunswick
18%
MO 49,327 Chesterfield
18%
PA 30,341 Easton
18%
CA 104,414 El Cajon
18%
VA 51,158 Harrisonburg
18%
NY 58,331 Hempstead
18%
TX 115,418 League City
18%
CO 44,755 Littleton
18%
OH 35,520 Mason
18%
OH 19,760 Oregon
18%
FL 98,411 Palm Coast
18%
WA 32,508 Pullman
18%
OH 24,526 Sandusky
18%
WI 49,773 Sheboygan
18%
MA 40,059 Amherst
17%
MI 52,123 Battle Creek
17%
TX 87,792 Bryan
17%
IA 40,746 Cedar Falls
17%
LA 29,735 Central
17%
TX 101,405 Conroe
17%
CA 57,856 Cupertino
17%
IL 18,950 Deerfield
17%
CO 19,531 Durango
17%
KY 31,892 Elizabethtown
17%
OK 50,499 Enid
17%
WI 44,339 Fond du Lac
17%
NC 82,653 Gastonia
17%
MD 43,701 Hagerstown
17%
FL 81,562 Homestead
17%
NE 34,277 Kearney
17%
NJ 39,862 Kearny
17%
WA 92,151 Kirkland
17%
IN 31,792 Michigan City
17%
IL 52,838 Normal
17%
FL 58,906 North Miami
17%
FL 85,099 North Port
17%
AL 31,004 Northport
17%
MO 93,663 O'Fallon
17%
IL 32,140 O'Fallon
17%
WV 29,193 Parkersburg
17%
WA 79,315 Pasco
17%
VA 33,394 Petersburg
17%
AR 39,495 Pine Bluff
17%
TX 55,579 Port Arthur
17%
CA 80,512 Redwood City
17%
SC 75,349 Rock Hill
17%
AR 72,999 Rogers
17%
GA 55,074 Valdosta
17%
FL 61,438 Wellington
17%
ND 39,985 West Fargo
17%
CO 38,510 Windsor
17%
CA 25,789 Windsor
17%
NC 19,756 Boone
16%
CO 80,191 Castle Rock
16%
NJ 88,709 Clifton
16%
MD 34,190 College Park
16%
MD 18,769 Cumberland
16%
KS 25,939 Derby
16%
IL 58,594 Des Plaines
16%
CA 105,312 El Monte
16%
MD 68,952 Gaithersburg
16%
KS 27,519 Garden City
16%
MI 26,815 Garden City
16%
NY 22,891 Garden City
16%
IN 65,406 Greenwood
16%
CA 90,689 Hemet
16%
TN 62,896 Hendersonville
16%
WI 65,911 Janesville
16%
CA 107,609 Jurupa Valley
16%
TN 56,150 Kingsport
16%
UT 82,601 Layton
16%
MO 30,775 Liberty
16%
OH 34,977 Lima
16%
CO 98,687 Longmont
16%
AZ 66,290 Maricopa
16%
WI 25,150 Muskego
16%
NJ 55,998 New Brunswick
16%
UT 38,785 Roy
16%
FL 63,154 Sanford
16%
NC 31,224 Sanford
16%
ME 22,266 Sanford
16%
CA 59,971 San Rafael
16%
WY 19,235 Sheridan
16%
TN 56,516 Smyrna
16%
GA 56,160 Smyrna
16%
VT 20,624 South Burlington
16%
UT 83,513 South Jordan
16%
CA 63,484 South San Francisco
16%
SC 42,757 Sumter
16%
WI 26,459 Superior
16%
CA 97,328 Tracy
16%
NJ 60,491 Vineland
16%
CA 97,766 Vista
16%
NC 51,113 Wake Forest
16%
CA 105,013 West Covina
16%
IA 70,741 West Des Moines
16%
IL 24,315 Zion
16%
MD 57,192 Bowie
15%
MN 83,324 Brooklyn Park
15%
CO 76,121 Broomfield
15%
ID 65,920 Caldwell
15%
MO 40,377 Cape Girardeau
15%
UT 38,692 Cedar City
15%
CA 77,949 Chino Hills
15%
IL 81,919 Cicero
15%
NC 29,445 Clayton
15%
CA 109,521 Costa Mesa
15%
GA 34,366 Dalton
15%
ND 24,979 Dickinson
15%
TX 21,738 Dickinson
15%
CA 83,269 Folsom
15%
TN 40,816 Germantown
15%
WI 21,015 Germantown
15%
CO 20,460 Golden
15%
SC 22,454 Greenwood
15%
NE 24,927 Hastings
15%
MN 21,712 Hastings
15%
CA 100,744 Hesperia
15%
NC 44,084 Hickory
15%
MI 34,006 Holland
15%
CA 21,233 Imperial
15%
MT 28,450 Kalispell
15%
IN 59,671 Kokomo
15%
FL 82,487 Largo
15%
NJ 25,786 Lodi
15%
VA 42,642 Manassas
15%
IA 41,864 Marion
15%
OH 35,327 Marion
15%
IN 28,030 Marion
15%
TN 31,425 Morristown
15%
NJ 20,339 Morristown
15%
AR 64,627 North Little Rock
15%
IL 52,553 Oak Park
15%
MI 29,108 Oak Park
15%
IL 18,668 Ottawa
15%
KY 26,834 Paducah
15%
TX 80,179 Pharr
15%
FL 96,042 Plantation
15%
MI 61,854 Pontiac
15%
CA 73,849 Redlands
15%
CA 73,857 Rocklin
15%
CA 23,685 San Fernando
15%
UT 49,354 Saratoga Springs
15%
KS 69,198 Shawnee
15%
OK 31,720 Shawnee
15%
TX 45,264 Sherman
15%
AZ 45,439 Sierra Vista
15%
ME 27,026 South Portland
15%
SC 51,617 Summerville
15%
CA 27,356 Walnut
15%
PA 19,531 West Chester
15%
CA 84,496 Whittier
15%
PA 27,403 Williamsport
15%
CA 67,089 Yorba Linda
15%
CA 80,259 Alhambra
14%
TX 84,324 Baytown
14%
CA 26,773 Belmont
14%
MN 71,739 Blaine
14%
FL 80,859 Boynton Beach
14%
FL 56,961 Bradenton
14%
MS 25,502 Brandon
14%
WA 45,415 Bremerton
14%
CA 66,127 Brentwood
14%
TN 45,136 Brentwood
14%
AZ 60,032 Casa Grande
14%
CA 49,489 Covina
14%
TX 34,543 Del Rio
14%
NY 25,852 Elmira
14%
MA 70,963 Framingham
14%
NY 43,886 Freeport
14%
IL 23,413 Freeport
14%
CA 58,005 Gilroy
14%
TX 51,226 Grapevine
14%
OH 22,917 Hudson
14%
IN 51,030 Jeffersonville
14%
TX 25,253 Katy
14%
CA 85,638 Lake Forest
14%
IL 19,252 Lake Forest
14%
MN 74,553 Lakeville
14%
CA 84,701 Livermore
14%
MI 93,779 Livonia
14%
CA 67,258 Lodi
14%
OH 65,365 Lorain
14%
MN 45,140 Mankato
14%
TX 23,641 Marshall
14%
CT 60,242 Meriden
14%
IL 42,028 Moline
14%
MI 38,220 Muskegon
14%
NJ 69,128 Passaic
14%
MA 43,310 Pittsfield
14%
CA 76,689 Pleasanton
14%
CA 103,545 Rialto
14%
WY 23,021 Rock Springs
14%
NY 28,593 Saratoga Springs
14%
CA 24,430 Selma
14%
MS 56,360 Southaven
14%
GA 111,158 South Fulton
14%
CA 78,841 Upland
14%
GA 82,175 Warner Robins
14%
WI 39,833 Wausau
14%
CT 55,004 West Haven
14%
UT 22,395 West Haven
14%
MN 78,561 Woodbury
14%
NC 71,065 Apex
13%
IL 75,195 Arlington Heights
13%
MA 49,532 Barnstable
13%
NJ 69,527 Bayonne
13%
IL 21,717 Carbondale
13%
MA 38,637 Chelsea
13%
CA 39,515 Culver City
13%
OH 43,895 Delaware
13%
TX 28,255 Eagle Pass
13%
NJ 68,446 East Orange
13%
RI 46,691 East Providence
13%
OH 52,908 Elyria
13%
CO 28,907 Fountain
13%
WI 37,071 Greenfield
13%
CA 19,359 Greenfield
13%
CO 18,636 Johnstown
13%
LA 64,007 Kenner
13%
AZ 34,918 Kingman
13%
CA 68,050 Madera
13%
WI 22,328 Middleton
13%
GA 41,836 Milton
13%
MN 52,544 Minnetonka
13%
MN 44,861 Moorhead
13%
CT 74,396 New Britain
13%
GA 23,538 Perry
13%
NC 54,013 Rocky Mount
13%
CA 86,762 San Leandro
13%
CA 85,953 San Ramon
13%
IL 76,225 Schaumburg
13%
NC 21,855 Shelby
13%
CA 90,926 South Gate
13%
MI 29,699 Southgate
13%
TX 31,102 Southlake
13%
VA 25,904 Staunton
13%
GA 18,980 St. Marys
13%
CA 68,969 Walnut Creek
13%
IN 45,060 West Lafayette
13%
AR 23,795 West Memphis
13%
FL 55,024 Winter Haven
13%
IA 72,222 Ankeny
12%
CA 54,857 Arcadia
12%
PA 20,956 Baldwin
12%
IL 41,295 Belleville
12%
MO 59,518 Blue Springs
12%
LA 62,635 Bossier City
12%
SD 23,993 Brookings
12%
AZ 42,920 Bullhead City
12%
TX 77,642 Cedar Park
12%
CA 42,835 Coachella
12%
CO 66,115 Commerce City
12%
FL 86,772 Deerfield Beach
12%
TX 55,968 DeSoto
12%
IN 25,968 East Chicago
12%
MN 52,437 Edina
12%
CA 43,811 El Centro
12%
IN 53,801 Elkhart
12%
MI 82,737 Farmington Hills
12%
TX 78,486 Flower Mound
12%
NJ 32,412 Garfield
12%
OR 39,079 Grants Pass
12%
IN 24,785 Greenfield
12%
TX 71,678 Harlingen
12%
NJ 19,231 Hawthorne
12%
LA 31,775 Houma
12%
NH 22,774 Keene
12%
MD 29,352 Laurel
12%
WA 43,212 Lynnwood
12%
MN 70,582 Maple Grove
12%
CA 109,399 Menifee
12%
OK 57,950 Midwest City
12%
CT 50,471 Milford
12%
AZ 19,833 Nogales
12%
NE 22,722 North Platte
12%
MN 27,799 Oakdale
12%
CA 23,176 Oakdale
12%
CA 51,583 Palm Desert
12%
CA 80,263 Perris
12%
MI 28,626 Port Huron
12%
MA 58,528 Revere
12%
CA 63,457 San Clemente
12%
IL 65,497 Skokie
12%
MI 75,431 Southfield
12%
MA 59,922 Taunton
12%
CA 70,693 Tulare
12%
CA 51,525 Watsonville
12%
IN 54,605 Westfield
12%
MA 40,535 Westfield
12%
NJ 30,539 Westfield
12%
MA 57,410 Weymouth
12%
ND 27,029 Williston
12%
RI 42,942 Woonsocket
12%
OH 24,600 Zanesville
12%
NM 31,309 Alamogordo
11%
CA 48,824 Azusa
11%
CA 76,405 Bellflower
11%
CA 42,286 Campbell
11%
WA 18,773 Centralia
11%
CA 86,433 Citrus Heights
11%
OH 44,201 Cleveland Heights
11%
CA 53,918 Colton
11%
OH 50,655 Cuyahoga Falls
11%
CA 49,243 Cypress
11%
MI 61,980 Dearborn Heights
11%
IL 40,220 DeKalb
11%
FL 67,030 Delray Beach
11%
FL 76,983 Doral
11%
UT 50,731 Draper
11%
MN 67,534 Eagan
11%
WA 42,593 Edmonds
11%
AL 29,767 Enterprise
11%
NM 20,932 Gallup
11%
CA 58,843 Gardena
11%
NC 33,215 Goldsboro
11%
MA 67,153 Haverhill
11%
CA 84,563 Hawthorne
11%
NM 39,648 Hobbs
11%
NC 63,035 Huntersville
11%
GA 82,453 Johns Creek
11%
IA 24,390 Johnston
11%
WA 58,552 Lacey
11%
KS 37,081 Leavenworth
11%
MA 43,646 Leominster
11%
NJ 43,352 Linden
11%
SC 26,918 Mauldin
11%
UT 49,463 Murray
11%
OK 36,738 Muskogee
11%
CA 55,550 National City
11%
MI 66,372 Novi
11%
OR 37,327 Oregon City
11%
IL 35,850 Oswego
11%
FL 36,895 Parkland
11%
NJ 54,513 Plainfield
11%
WA 20,060 Port Angeles
11%
AZ 49,075 Prescott Valley
11%
CA 68,918 Redondo Beach
11%
ID 40,462 Rexburg
11%
UT 44,599 Riverton
11%
MI 75,936 Rochester Hills
11%
TX 51,461 Rockwall
11%
CA 29,586 San Carlos
11%
CA 55,470 San Jacinto
11%
WA 59,690 Shoreline
11%
LA 28,649 Slidell
11%
TN 55,800 Spring Hill
11%
CA 38,952 Stanton
11%
UT 57,879 Taylorsville
11%
FL 49,319 Titusville
11%
CA 72,309 Turlock
11%
CA 78,418 Tustin
11%
MA 64,065 Waltham
11%
CA 34,514 West Hollywood
11%
MI 84,037 Westland
11%
MI 19,732 Ypsilanti
11%
SC 32,463 Aiken
10%
CA 51,221 Aliso Viejo
10%
IL 25,217 Alton
10%
TX 19,673 Alton
10%
FL 57,017 Apopka
10%
CA 25,231 Barstow
10%
TN 56,798 Bartlett
10%
IL 40,154 Bartlett
10%
WI 36,449 Beloit
10%
CA 82,450 Buena Park
10%
CA 52,494 Cathedral City
10%
CA 18,702 Coronado
10%
CA 50,843 Delano
10%
CA 52,855 Diamond Bar
10%
IL 26,654 Edwardsville
10%
OH 48,496 Euclid
10%
TX 60,169 Euless
10%
OH 40,249 Findlay
10%
CA 58,470 Hanford
10%
KS 21,136 Hays
10%
IL 23,602 Kankakee
10%
OH 57,027 Kettering
10%
OR 21,977 Klamath Falls
10%
CA 22,583 Laguna Beach
10%
GA 30,588 Lawrenceville
10%
KS 58,617 Lenexa
10%
KS 19,274 Liberal
10%
CA 34,137 Manhattan Beach
10%
CA 86,928 Manteca
10%
WV 18,953 Martinsburg
10%
OH 47,044 Mentor
10%
CA 77,738 Milpitas
10%
PA 28,259 Monroeville
10%
CO 21,003 Montrose
10%
OR 25,777 Newberg
10%
WI 40,315 New Berlin
10%
FL 43,023 North Miami Beach
10%
IL 56,286 Oak Lawn
10%
IL 57,511 Orland Park
10%
FL 19,056 Panama City Beach
10%
NJ 55,357 Perth Amboy
10%
CA 58,652 Petaluma
10%
TX 65,556 Pflugerville
10%
IL 46,243 Plainfield
10%
IN 36,074 Plainfield
10%
NY 19,904 Plattsburgh
10%
AZ 70,734 Queen Creek
10%
IL 36,256 Rock Island
10%
MI 57,495 Royal Oak
10%
CA 59,051 Santee
10%
WA 30,525 SeaTac
10%
CA 21,175 South Lake Tahoe
10%
UT 44,102 Spanish Fork
10%
NC 27,399 Thomasville
10%
IA 46,648 Urbandale
10%
IN 34,565 Valparaiso
10%
WA 35,433 Wenatchee
10%
NJ 51,981 West New York
10%
IL 52,984 Wheaton
10%
FL 47,049 Winter Garden
10%
GA 37,350 Woodstock
10%
OH 25,612 Xenia
10%
IN 31,982 Zionsville
10%
MN 32,928 Andover
9%
AZ 40,173 Apache Junction
9%
FL 56,370 Bonita Springs
9%
UT 44,481 Bountiful
9%
CA 46,993 Brea
9%
MA 28,780 Bridgewater
9%
WI 41,958 Brookfield
9%
IL 18,776 Brookfield
9%
CA 70,282 Camarillo
9%
PA 22,203 Carlisle
9%
TX 48,341 Cedar Hill
9%
MA 54,980 Chicopee
9%
TN 35,988 Cookeville
9%
MN 62,476 Eden Prairie
9%
CA 25,583 El Cerrito
9%
NC 18,756 Elizabeth City
9%
KS 23,941 Emporia
9%
CA 61,369 Encinitas
9%
CO 33,642 Englewood
9%
NJ 29,034 Englewood
9%
MO 51,506 Florissant
9%
IA 24,657 Fort Dodge
9%
CA 50,824 Glendora
9%
SC 47,618 Goose Creek
9%
MA 37,720 Holyoke
9%
CA 52,633 Huntington Park
9%
KS 39,699 Hutchinson
9%
CA 25,791 Imperial Beach
9%
NC 55,448 Kannapolis
9%
TX 45,252 Keller
9%
TX 57,470 Kyle
9%
OR 40,108 Lake Oswego
9%
CA 60,360 La Mesa
9%
CA 64,086 Lynwood
9%
MA 64,712 Malden
9%
MN 40,000 Maplewood
9%
FL 58,209 Margate
9%
MA 40,971 Marlborough
9%
IA 26,924 Mason City
9%
CA 60,569 Montebello
9%
CA 58,554 Monterey Park
9%
NC 31,493 Morrisville
9%
IN 37,506 New Albany
9%
IN 72,748 Noblesville
9%
CA 44,688 Oakley
9%
MO 22,512 Ozark
9%
CA 51,653 Paramount
9%
MS 21,650 Pascagoula
9%
MA 53,896 Peabody
9%
TX 19,599 Plainview
9%
ID 44,194 Post Falls
9%
WA 42,452 Puyallup
9%
CA 80,598 Rancho Cordova
9%
LA 22,295 Ruston
9%
NJ 18,662 Rutherford
9%
WA 65,845 Sammamish
9%
CA 41,533 San Bruno
9%
CA 31,478 Seaside
9%
CT 41,897 Shelton
9%
NY 32,884 Spring Valley
9%
MS 24,168 Starkville
9%
OH 45,725 Strongsville
9%
OR 55,762 Tigard
9%
CA 28,158 Twentynine Palms
9%
MO 34,355 University City
9%
VA 22,808 Waynesboro
9%
WI 58,950 West Allis
9%
OH 33,907 Westlake
9%
FL 29,816 Winter Park
9%
IL 25,665 Woodstock
9%
TX 60,943 Wylie
9%
UT 37,268 American Fork
8%
AL 21,182 Anniston
8%
CA 69,455 Baldwin Park
8%
OH 46,942 Beavercreek
8%
TX 25,318 Big Spring
8%
IL 74,031 Bolingbrook
8%
MA 38,567 Braintree
8%
GA 57,934 Brookhaven
8%
MN 63,936 Burnsville
8%
CA 48,988 Ceres
8%
CA 36,001 Claremont
8%
FL 19,559 Cocoa
8%
MN 62,785 Coon Rapids
8%
MN 22,265 Crystal
8%
AL 29,670 Daphne
8%
GA 52,201 Dunwoody
8%
NV 24,261 Fernley
8%
MA 41,502 Fitchburg
8%
WI 30,834 Fitchburg
8%
FL 48,305 Fort Pierce
8%
AL 33,335 Gadsden
8%
KS 24,206 Gardner
8%
MA 20,902 Gardner
8%
SC 42,090 Greer
8%
OH 42,233 Grove City
8%
NJ 45,633 Hackensack
8%
OR 26,456 Happy Valley
8%
IL 30,163 Highland Park
8%
CA 44,218 Hollister
8%
WI 20,460 Howard
8%
KS 22,264 Junction City
8%
MI 54,077 Kentwood
8%
GA 31,773 LaGrange
8%
CA 63,742 Laguna Niguel
8%
CA 71,898 Lake Elsinore
8%
FL 73,633 Lauderhill
8%
TX 74,375 Leander
8%
IL 26,105 Lockport
8%
NY 20,602 Lockport
8%
CA 43,736 Lompoc
8%
AZ 55,962 Marana
8%
TN 32,716 Maryville
8%
OH 26,033 Medina
8%
CA 36,893 Monrovia
8%
NC 52,656 Mooresville
8%
WA 25,888 Moses Lake
8%
TX 21,175 Murphy
8%
NC 31,539 New Bern
8%
MN 20,924 Northfield
8%
SC 19,836 North Myrtle Beach
8%
TX 70,663 North Richland Hills
8%
MS 47,086 Olive Branch
8%
AZ 48,226 Oro Valley
8%
IL 65,485 Palatine
8%
AL 38,267 Phenix City
8%
CA 62,998 Porterville
8%
FL 64,870 Port Orange
8%
TX 65,113 Rowlett
8%
AR 29,133 Russellville
8%
ME 20,872 Saco
8%
CA 38,140 San Gabriel
8%
CA 31,389 San Pablo
8%
UT 35,832 Springville
8%
GA 34,353 Statesboro
8%
MI 57,742 St. Clair Shores
8%
MN 48,827 St. Louis Park
8%
MN 19,995 St. Michael
8%
TX 45,367 The Colony
8%
TX 25,032 University Park
8%
AR 23,755 Van Buren
8%
IL 25,166 West Chicago
8%
CA 55,064 West Sacramento
8%
MN 25,842 Winona
8%
MA 41,248 Woburn
8%
LA 19,916 Zachary
8%
IL 35,127 Addison
7%
MA 46,601 Attleboro
7%
MI 25,485 Auburn Hills
7%
WA 21,628 Battle Ground
7%
TX 24,327 Belton
7%
OK 29,800 Bixby
7%
NJ 26,410 Bridgeton
7%
UT 19,963 Brigham City
7%
TX 53,381 Burleson
7%
MI 29,449 Burton
7%
CA 22,491 Calabasas
7%
GA 23,904 Cartersville
7%
CA 47,475 Cerritos
7%
PA 22,172 Chambersburg
7%
FL 57,348 Coconut Creek
7%
TN 51,594 Collierville
7%
FL 41,324 DeLand
7%
CA 19,143 Dixon
7%
GA 37,948 Douglasville
7%
UT 54,149 Eagle Mountain
7%
CA 71,024 Eastvale
7%
AL 23,577 Foley
7%
CA 55,930 Fountain Valley
7%
IL 21,228 Geneva
7%
IL 47,258 Glenview
7%
IN 34,375 Goshen
7%
PA 29,993 Hazleton
7%
UT 23,077 Hurricane
7%
KY 28,621 Jeffersontown
7%
GA 33,552 Kennesaw
7%
TX 24,833 Kingsville
7%
NY 38,998 Kiryas Joel
7%
CA 61,978 La Habra
7%
CA 27,224 Lemon Grove
7%
CA 32,402 Los Gatos
7%
KY 19,214 Madisonville
7%
ND 24,486 Mandan
7%
WI 34,570 Manitowoc
7%
IA 27,433 Marshalltown
7%
CA 36,447 Martinez
7%
IN 50,913 Mishawaka
7%
CA 37,714 Montclair
7%
IL 54,843 Mount Prospect
7%
TX 31,990 Nacogdoches
7%
GA 44,485 Newnan
7%
PA 35,795 Norristown
7%
IL 30,490 North Chicago
7%
CA 52,184 Novato
7%
TN 32,614 Oak Ridge
7%
FL 48,198 Ocoee
7%
CA 36,517 Pacifica
7%
FL 60,175 Palm Beach Gardens
7%
CA 51,951 Placentia
7%
NJ 20,662 Pleasantville
7%
PA 26,662 Plum
7%
MI 48,978 Portage
7%
IN 38,327 Portage
7%
CA 48,078 Poway
7%
MA 34,530 Randolph
7%
OR 23,853 Roseburg
7%
CA 33,535 San Dimas
7%
FL 19,331 Seminole
7%
WI 25,716 Stevens Point
7%
MI 25,086 Walker
7%
CA 27,731 Wasco
7%
WI 47,289 Wauwatosa
7%
WI 31,604 West Bend
7%
CA 54,420 Yucaipa
7%
OK 24,869 Ardmore
6%
MO 20,845 Arnold
6%
NC 27,482 Asheboro
6%
CA 32,372 Atwater
6%
CA 30,683 Banning
6%
OK 37,795 Bartlesville
6%
MO 25,420 Belton
6%
IL 55,021 Berwyn
6%
PA 32,782 Bethel Park
6%
IA 39,548 Bettendorf
6%
SC 34,493 Bluffton
6%
WA 49,017 Bothell
6%
WA 50,806 Burien
6%
IL 37,288 Carpentersville
6%
OH 21,921 Chillicothe
6%
FL 28,234 Crestview
6%
IL 49,354 Downers Grove
6%
OK 23,045 Duncan
6%
IL 20,874 East Moline
6%
CA 28,383 East Palo Alto
6%
WA 18,703 Ellensburg
6%
IL 45,272 Elmhurst
6%
MN 20,857 Forest Lake
6%
OH 19,878 Forest Park
6%
GA 19,400 Forest Park
6%
NJ 39,688 Fort Lee
6%
FL 20,998 Fort Walton Beach
6%
CA 32,026 Foster City
6%
TX 40,833 Friendswood
6%
MO 25,610 Grandview
6%
FL 43,795 Greenacres
6%
VA 22,962 Hopewell
6%
KY 30,927 Hopkinsville
6%
WA 39,344 Issaquah
6%
FL 23,521 Jacksonville Beach
6%
OR 38,704 Keizer
6%
TX 27,668 Lake Jackson
6%
CA 46,323 La Mirada
6%
NC 28,591 Leland
6%
MI 39,371 Lincoln Park
6%
TX 55,357 Little Elm
6%
CA 22,503 Marina
6%
NC 30,124 Matthews
6%
OR 34,530 McMinnville
6%
MA 29,155 Melrose
6%
CA 32,295 Menlo Park
6%
MA 53,241 Methuen
6%
UT 63,034 Millcreek
6%
WA 20,828 Mill Creek
6%
NJ 27,308 Millville
6%
CA 44,973 Morgan Hill
6%
NY 28,501 Newburgh
6%
MA 18,662 Newburyport
6%
KY 31,955 Nicholasville
6%
IL 29,805 Niles
6%
NY 30,235 North Tonawanda
6%
WI 18,975 Onalaska
6%
FL 44,052 Ormond Beach
6%
FL 39,580 Oviedo
6%
NE 23,794 Papillion
6%
CA 31,544 Paso Robles
6%
AL 24,755 Pelham
6%
FL 53,653 Pinellas Park
6%
CA 40,527 Rancho Palos Verdes
6%
CA 46,722 Rancho Santa Margarita
6%
MO 29,312 Raytown
6%
CA 44,326 Rohnert Park
6%
IL 40,117 Romeoville
6%
CA 34,548 San Juan Capistrano
6%
MO 21,947 Sedalia
6%
MN 45,735 Shakopee
6%
TX 37,772 Socorro
6%
CA 24,190 Soledad
6%
UT 26,003 South Salt Lake
6%
NC 29,681 Statesville
6%
LA 20,342 Sulphur
6%
FL 19,588 Sweetwater
6%
FL 71,912 Tamarac
6%
IL 54,287 Tinley Park
6%
TX 45,476 Waxahachie
6%
MO 34,954 Wildwood
6%
OR 26,597 Wilsonville
6%
MA 28,393 Agawam
5%
CA 19,464 Agoura Hills
5%
MI 28,040 Allen Park
5%
FL 45,538 Altamonte Springs
5%
TX 28,205 Alvin
5%
OH 25,617 Avon Lake
5%
MO 30,622 Ballwin
5%
IL 25,169 Belvidere
5%
OK 20,447 Bethany
5%
ME 22,450 Biddeford
5%
IL 22,324 Bloomingdale
5%
IL 42,569 Buffalo Grove
5%
CA 30,559 Burlingame
5%
WI 25,208 Caledonia
5%
IL 34,709 Calumet City
5%
OH 25,156 Centerville
5%
OR 19,222 Central Point
5%
VA 22,562 Christiansburg
5%
FL 46,506 Clermont
5%
IL 23,972 Collinsville
5%
TX 22,875 Corinth
5%
NC 32,294 Cornelius
5%
IN 34,526 Crown Point
5%
FL 43,958 Cutler Bay
5%
CA 32,465 Dana Point
5%
TX 26,328 Denison
5%
FL 23,506 Edgewater
5%
MN 26,750 Elk River
5%
AL 23,859 Fairhope
5%
AZ 23,785 Fountain Hills
5%
TN 48,194 Gallatin
5%
NC 33,669 Garner
5%
NY 27,997 Glen Cove
5%
IL 19,590 Harvey
5%
OR 19,423 Hermiston
5%
VA 24,167 Herndon
5%
UT 59,179 Herriman
5%
GA 35,441 Hinesville
5%
IN 29,458 Hobart
5%
IL 50,682 Hoffman Estates
5%
NC 45,945 Holly Springs
5%
GA 18,739 Holly Springs
5%
AL 27,864 Homewood
5%
IL 18,735 Homewood
5%
MO 29,279 Kirkwood
5%
NY 19,716 Lackawanna
5%
CA 38,392 La Quinta
5%
IL 43,856 Lombard
5%
CA 47,044 Los Banos
5%
IL 23,365 Loves Park
5%
TX 34,152 Lufkin
5%
UT 29,668 Magna
5%
TX 19,009 Manor
5%
CA 35,514 Moorpark
5%
LA 27,473 New Iberia
5%
MO 24,749 Nixa
5%
SC 25,258 North Augusta
5%
UT 22,537 North Salt Lake
5%
FL 43,824 Oakland Park
5%
AL 32,787 Opelika
5%
CA 20,041 Oroville
5%
IA 25,175 Ottumwa
5%
TX 18,981 Palestine
5%
AR 30,178 Paragould
5%
GA 39,562 Peachtree City
5%
NY 25,514 Peekskill
5%
GA 28,766 Pooler
5%
PA 23,377 Pottstown
5%
MN 28,333 Ramsey
5%
MO 24,203 Raymore
5%
MO 19,728 Republic
5%
MN 36,710 Richfield
5%
CA 28,346 Ridgecrest
5%
CA 24,826 Riverbank
5%
MO 20,322 Rolla
5%
MI 25,082 Romulus
5%
CA 49,791 Rosemead
5%
CA 31,018 Santa Paula
5%
NJ 45,123 Sayreville
5%
TN 24,452 Shelbyville
5%
IN 20,159 Shelbyville
5%
AR 33,082 Sherwood
5%
OR 20,030 Sherwood
5%
WI 20,309 South Milwaukee
5%
GA 29,064 Stockbridge
5%
NJ 22,342 Summit
5%
CA 35,296 Temple City
5%
UT 38,588 Tooele
5%
CT 35,563 Torrington
5%
OR 27,797 Tualatin
5%
WA 34,634 University Place
5%
NY 40,115 Valley Stream
5%
IA 29,167 Waukee
5%
NC 22,533 Waxhaw
5%
MO 47,197 Wentzville
5%
TX 42,231 Weslaco
5%
ME 20,645 Westbrook
5%
OH 38,466 Westerville
5%
OR 27,290 Woodburn
5%
OH 27,031 Wooster
5%
CA 21,662 Yucca Valley
5%
FL 19,285 Zephyrhills
5%
MI 20,442 Adrian
4%
AL 33,873 Alabaster
4%
AL 22,726 Albertville
4%
ID 19,000 Ammon
4%
CA 29,684 Atascadero
4%
FL 38,930 Aventura
4%
WA 24,494 Bainbridge Island
4%
IL 26,122 Batavia
4%
AR 31,733 Bella Vista
4%
CA 37,927 Bell Gardens
4%
CA 26,567 Benicia
4%
AL 25,264 Bessemer
4%
CA 26,862 Brawley
4%
TX 18,709 Brownwood
4%
AR 21,501 Bryant
4%
AR 26,844 Cabot
4%
WA 27,371 Camas
4%
TX 34,229 Celina
4%
RI 22,490 Central Falls
4%
IL 26,465 Chicago Heights
4%
CA 18,738 Chowchilla
4%
UT 34,062 Clearfield
4%
TX 29,603 Converse
4%
TX 41,926 Coppell
4%
MN 41,033 Cottage Grove
4%
TX 19,478 Crowley
4%
AL 19,251 Cullman
4%
VA 20,764 Culpeper
4%
TX 33,468 Deer Park
4%
WI 25,361 De Pere
4%
CA 33,091 Desert Hot Springs
4%
TX 39,413 Duncanville
4%
FL 36,059 Dunedin
4%
OK 19,628 Durant
4%
GA 38,380 East Point
4%
TX 22,890 Ennis
4%
KY 19,756 Erlanger
4%
FL 23,961 Eustis
4%
OH 34,977 Fairborn
4%
TX 22,811 Fate
4%
OR 26,784 Forest Grove
4%
NC 40,810 Fuquay-Varina
4%
IL 29,255 Galesburg
4%
CA 25,411 Galt
4%
MO 26,907 Gladstone
4%
NJ 23,600 Glassboro
4%
IL 27,121 Granite City
4%
GA 23,693 Griffin
4%
FL 41,202 Hallandale Beach
4%
TX 45,525 Haltom City
4%
MI 27,834 Hamtramck
4%
CA 25,920 Hercules
4%
UT 30,816 Holladay
4%
OH 43,321 Huber Heights
4%
MD 20,675 Hyattsville
4%
NC 41,724 Indian Trail
4%
MI 25,527 Inkster
4%
OK 27,141 Jenks
4%
WA 23,478 Kenmore
4%
ID 27,229 Kuna
4%
CA 19,752 La Cañada Flintridge
4%
CA 30,568 Laguna Hills
4%
WA 39,848 Lake Stevens
4%
TX 36,569 La Porte
4%
IN 22,198 La Porte
4%
CA 30,380 La Verne
4%
CA 30,576 Lawndale
4%
KS 33,713 Leawood
4%
CA 27,185 Lemoore
4%
CA 25,129 Loma Linda
4%
CA 30,424 Los Altos
4%
NC 18,841 Lumberton
4%
WA 28,220 Maple Valley
4%
WI 18,789 Marshfield
4%
OH 32,292 Massillon
4%
CA 24,122 Maywood
4%
IL 22,932 Maywood
4%
IL 28,117 McHenry
4%
WI 39,246 Menomonee Falls
4%
WA 25,172 Mercer Island
4%
TX 38,635 Midlothian
4%
IA 23,413 Muscatine
4%
WI 27,361 Neenah
4%
CA 25,042 Norco
4%
CO 38,106 Northglenn
4%
FL 44,541 North Lauderdale
4%
UT 21,855 North Ogden
4%
OH 19,108 Norwood
4%
WI 36,087 Oak Creek
4%
IL 26,460 Oak Forest
4%
WA 24,403 Oak Harbor
4%
MS 18,662 Ocean Springs
4%
CA 19,355 Orinda
4%
OK 39,328 Owasso
4%
NJ 26,359 Paramus
4%
GA 42,133 Peachtree Corners
4%
OH 25,161 Perrysburg
4%
CA 59,781 Pico Rivera
4%
FL 40,367 Plant City
4%
CA 33,913 Pleasant Hill
4%
NJ 19,382 Point Pleasant
4%
OK 24,340 Ponca City
4%
AL 38,776 Prattville
4%
AL 18,870 Prichard
4%
TX 37,746 Prosper
4%
FL 20,608 Punta Gorda
4%
CA 25,441 Reedley
4%
MS 24,404 Ridgeland
4%
IL 22,505 Roselle
4%
NJ 22,327 Roselle
4%
MN 27,081 Rosemount
4%
TX 24,665 San Benito
4%
MN 32,893 Savage
4%
CA 24,627 Seal Beach
4%
AR 23,009 Searcy
4%
FL 26,364 Sebastian
4%
OH 28,723 Shaker Heights
4%
OH 20,290 Sidney
4%
AR 18,654 Siloam Springs
4%
SC 26,748 Simpsonville
4%
CA 25,850 South Pasadena
4%
MN 20,506 South St. Paul
4%
GA 61,087 Stonecrest
4%
GA 25,407 Sugar Hill
4%
WI 36,653 Sun Prairie
4%
IL 18,652 Sycamore
4%
GA 36,969 Tucker
4%
WA 21,377 Tukwila
4%
WA 26,369 Tumwater
4%
AL 38,292 Vestavia Hills
4%
IL 21,791 Villa Park
4%
OR 26,931 West Linn
4%
MA 28,501 West Springfield
4%
MN 21,794 West St. Paul
4%
WI 18,716 Wisconsin Rapids
4%
IL 23,835 Yorkville
4%
OK 25,556 Yukon
4%
CA 38,783 Adelanto
3%
OH 21,414 Alliance
3%
CA 21,432 American Canyon
3%
CT 18,923 Ansonia
3%
CA 19,611 Arvin
3%
TX 20,707 Boerne
3%
WA 22,885 Bonney Lake
3%
MN 32,217 Brooklyn Center
3%
IN 31,193 Brownsburg
3%
NC 21,298 Carrboro
3%
GA 29,869 Chamblee
3%
MN 28,262 Chaska
3%
NC 21,823 Clemmons
3%
IA 18,908 Clive
3%
FL 34,106 Cooper City
3%
IA 23,125 Coralville
3%
CA 22,837 Corcoran
3%
TX 25,566 Corsicana
3%
IL 40,661 Crystal Lake
3%
CA 21,969 Cudahy
3%
IL 21,584 Darien
3%
CA 25,285 Dinuba
3%
IL 20,621 Dolton
3%
CA 21,807 Duarte
3%
SC 24,463 Easley
3%
IL 22,136 East Peoria
3%
AZ 35,985 El Mirage
3%
NJ 35,279 Fair Lawn
3%
MN 24,518 Faribault
3%
MI 18,969 Ferndale
3%
TX 32,108 Forney
3%
SC 30,940 Fort Mill
3%
OH 35,127 Gahanna
3%
OH 29,072 Garfield Heights
3%
MS 18,977 Gautier
3%
MN 21,545 Golden Valley
3%
CA 32,432 Goleta
3%
MD 24,360 Greenbelt
3%
SC 21,462 Hanahan
3%
CA 18,985 Hermosa Beach
3%
TX 23,314 Horizon City
3%
MS 26,550 Horn Lake
3%
TX 39,634 Hurst
3%
UT 32,761 Kaysville
3%
UT 37,249 Kearns
3%
NC 27,763 Kernersville
3%
TX 24,752 Kerrville
3%
GA 19,896 Kingsland
3%
NC 19,365 Kinston
3%
NC 19,703 Knightdale
3%
PA 18,935 Lansdale
3%
CA 36,636 La Puente
3%
CA 33,670 Lathrop
3%
TN 39,281 La Vergne
3%
NY 27,064 Lindenhurst
3%
CA 20,053 Lomita
3%
NJ 32,434 Long Branch
3%
NY 19,669 Mamaroneck
3%
MO 27,769 Maryland Heights
3%
AR 19,358 Maumelle
3%
NC 19,376 Mebane
3%
WI 25,337 Mequon
3%
IN 36,233 Merrillville
3%
UT 35,637 Midvale
3%
CA 22,071 Millbrae
3%
NY 21,225 Mineola
3%
NC 27,143 Mint Hill
3%
TN 42,548 Mount Juliet
3%
WA 21,543 Mountlake Terrace
3%
WA 21,096 Mukilteo
3%
IN 23,664 Munster
3%
OK 22,232 Mustang
3%
CT 31,705 Naugatuck
3%
MA 30,930 North Attleborough
3%
IL 34,182 Northbrook
3%
NY 26,633 Ossining
3%
MN 26,470 Owatonna
3%
IL 38,278 Park Ridge
3%
UT 22,516 Payson
3%
IL 31,260 Pekin
3%
PA 19,354 Phoenixville
3%
OH 20,607 Piqua
3%
UT 37,630 Pleasant Grove
3%
WI 21,840 Pleasant Prairie
3%
NY 30,823 Port Chester
3%
CA 21,407 Port Hueneme
3%
MN 28,133 Prior Lake
3%
KY 22,953 Radcliff
3%
OH 41,117 Reynoldsburg
3%
NJ 26,168 Ridgewood
3%
FL 28,490 Rockledge
3%
NY 25,662 Rockville Centre
3%
TX 40,739 Rosenberg
3%
AZ 35,638 Sahuarita
3%
CA 26,600 Sanger
3%
NJ 21,108 Secaucus
3%
IN 21,618 Seymour
3%
CA 21,282 Shafter
3%
OH 23,792 Solon
3%
CA 28,949 Suisun City
3%
OH 19,051 Sylvania
3%
FL 25,890 Tarpon Springs
3%
TX 20,050 Terrell
3%
TN 20,830 Tullahoma
3%
MO 19,458 Warrensburg
3%
TX 36,251 Weatherford
3%
CO 31,879 Wheat Ridge
3%
CA 37,214 Wildomar
3%
MN 21,282 Willmar
3%
GA 19,400 Winder
3%
GA 22,276 Acworth
2%
IL 29,951 Algonquin
2%
FL 19,888 Bartow
2%
NJ 28,163 Bergenfield
2%
IL 21,714 Blue Island
2%
UT 19,080 Bluffdale
2%
IL 39,044 Carol Stream
2%
NJ 25,176 Carteret
2%
AR 21,525 Centerton
2%
MN 26,224 Chanhassen
2%
OK 20,174 Claremore
2%
TX 33,826 Cleburne
2%
TX 25,850 Colleyville
2%
MN 22,243 Columbia Heights
2%
TX 37,964 Copperas Cove
2%
UT 32,420 Cottonwood Heights
2%
FL 31,658 Dania Beach
2%
OK 21,388 Del City
2%
TN 21,936 East Ridge
2%
FL 37,730 Estero
2%
TX 36,286 Farmers Branch
2%
TN 24,817 Farragut
2%
WI 18,827 Fox Crossing
2%
MN 30,289 Fridley
2%
IL 20,968 Grayslake
2%
FL 22,374 Groveland
2%
IL 30,303 Gurnee
2%
IL 36,376 Hanover Park
2%
MO 25,047 Hazelwood
2%
FL 22,364 Hialeah Gardens
2%
OH 37,377 Hilliard
2%
IL 28,138 Huntley
2%
TX 36,655 Hutto
2%
MN 35,701 Inver Grove Heights
2%
FL 43,201 Lake Worth Beach
2%
IL 19,624 Lake Zurich
2%
FL 35,799 Lauderdale Lakes
2%
IL 20,402 Libertyville
2%
NY 20,128 Lynbrook
2%
IL 22,752 Machesney Park
2%
MI 28,281 Madison Heights
2%
GA 30,340 McDonough
2%
FL 30,830 Miami Lakes
2%
OH 19,780 Miamisburg
2%
AL 21,955 Mountain Brook
2%
IL 31,612 Mundelein
2%
PA 20,724 Murrysville
2%
MN 22,413 New Brighton
2%
MN 21,035 New Hope
2%
FL 32,119 New Smyrna Beach
2%
IA 21,399 North Liberty
2%
OH 31,724 North Olmsted
2%
OH 36,824 North Ridgeville
2%
OH 30,793 North Royalton
2%
MI 25,003 Norton Shores
2%
MN 22,424 Otsego
2%
OH 20,642 Painesville
2%
IL 20,954 Park Forest
2%
OH 20,389 Parma Heights
2%
OH 24,524 Pickerington
2%
KS 22,947 Prairie Village
2%
NJ 29,693 Rahway
2%
FL 38,344 Riviera Beach
2%
IL 26,879 Round Lake Beach
2%
FL 39,259 Royal Palm Beach
2%
OK 20,031 Sand Springs
2%
OK 22,580 Sapulpa
2%
MN 19,696 Sartell
2%
IN 29,668 Schererville
2%
TX 43,010 Schertz
2%
TX 33,408 Seguin
2%
MN 26,632 Shoreview
2%
GA 22,024 Snellville
2%
IL 24,007 South Elgin
2%
CA 19,602 South El Monte
2%
TX 21,641 Stephenville
2%
OH 34,216 Stow
2%
IL 38,151 Streamwood
2%
GA 22,477 Suwanee
2%
FL 27,207 Temple Terrace
2%
AL 26,520 Trussville
2%
OH 19,416 Twinsburg
2%
TX 19,990 Universal City
2%
OH 36,010 Upper Arlington
2%
IL 26,759 Vernon Hills
2%
OH 24,521 Wadsworth
2%
MO 23,610 Webster Groves
2%
PA 19,140 West Mifflin
2%
IL 23,976 Westmont
2%
MN 23,588 White Bear Lake
2%
OH 19,911 Whitehall
2%
OH 24,130 Willoughby
2%
IL 27,264 Wilmette
2%
FL 38,705 Winter Springs
2%
MI 24,503 Wyandotte
2%
TX 19,610 Angleton
1%
TX 26,947 Balch Springs
1%
OH 24,826 Barberton
1%
TX 24,437 Benbrook
1%
OH 19,635 Broadview Heights
1%
FL 29,901 Casselberry
1%
MN 23,112 Champlin
1%
TX 34,814 Cibolo
1%
NJ 25,560 Cliffside Park
1%
FL 22,956 DeBary
1%
MI 33,806 Eastpointe
1%
IL 31,659 Elk Grove Village
1%
IL 23,604 Elmwood Park
1%
NJ 21,233 Elmwood Park
1%
TX 34,264 Fulshear
1%
IL 32,484 Glendale Heights
1%
IL 28,364 Glen Ellyn
1%
FL 33,629 Haines City
1%
TX 34,102 Harker Heights
1%
IL 24,446 Homer Glen
1%
TX 19,429 Lakeway
1%
TX 19,147 La Marque
1%
NJ 21,595 Lindenwold
1%
MN 21,973 Lino Lakes
1%
IL 23,258 Lisle
1%
FL 20,044 Lynn Haven
1%
FL 19,356 Maitland
1%
OH 23,136 Maple Heights
1%
OH 19,907 Mayfield Heights
1%
TX 19,357 Melissa
1%
IL 23,897 Melrose Park
1%
IL 19,766 Mokena
1%
IL 24,371 Morton Grove
1%
NJ 22,637 North Plainfield
1%
NJ 20,106 Palisades Park
1%
FL 24,237 Palmetto Bay
1%
OH 21,346 Rocky River
1%
IL 23,564 Rolling Meadows
1%
TX 19,782 Royse City
1%
TX 30,610 Sachse
1%
TX 19,491 Seagoville
1%
OH 21,395 South Euclid
1%
IL 20,685 South Holland
1%
NJ 24,228 South Plainfield
1%
OH 19,427 Springboro
1%
FL 21,996 Sunny Isles Beach
1%
FL 20,372 Tavares
1%
NJ 19,462 Tinton Falls
1%
OH 22,959 Trotwood
1%
TX 23,050 Watauga
1%
FL 28,837 West Melbourne
1%
IL 33,587 Woodridge
1%
IL 20,158 Crest Hill
0%
IL 19,211 Evergreen Park
0%
IL 28,700 Lake in the Hills
0%
IL 27,594 New Lenox
0%
No matching quizzes found
Score Distribution
Percent of People with Each Score
Percentile by Number Answered
Your Score History
You have not taken this quiz